000 00606nam a2200217 a 4500
999 _c7503
_d7503
001 7503
003 BD-JhCC
005 20180211092711.0
008 180211s1963 e |||| || | 001 0 eng d
035 _a(BD-JhCC)7503
040 _aBD-JhCC
_dBD-JhCC
041 _aeng
082 _a954.04
_bBRO 1963
100 _aBrown, W. Norman
245 _aThe United States and India and Pakistan /
_cW. Norman Brown,
260 _aLondon :
_bOxford University Press,
_c1963
300 _a443 p. :
_c20 cm.
650 _aDiplomatic Relations
_zUnited States, India, Pakistan
942 _2ddc
_cBK